000 01082naa a2200325 c 4500
001 28940
003 ES-MaCES
005 19981124143700.0
008 960416n1994 sp ||| | spa d
035 _aCES19980028819v
040 _aES-MaCES
_bspa
_cES-MaCES
100 1 _aDolors Busquets, María
_910851
245 1 0 _aRelaciones interpersonales, diversidad del grupo y diversidad individual
_cMaría Dolors Busquets, Aurora Leal
504 _aBibliografía: p. 230
650 4 _apsicología social
_927255
650 4 _aniños
_928517
650 4 _aadaptación social
_927281
650 4 _aintegración social
_927283
650 4 _adiscriminación
_927180
650 4 _acomportamiento
_927271
650 4 _aactitud
_926696
650 4 _aindividuo
_927268
650 4 _agrupo
_927309
653 1 0 _aCiencias Sociales-Políticas
700 1 _aLeal, Aurora
_916327
773 0 _tInfancia y sociedad
_gMadrid. - N. 27-28 (1994) ; p. 217-231
_w(ES-MaCES)25180
902 _aART Artículo de revista
942 _2CES
_cAR
_h7.0.
999 _c28940
_d28940